Kiko a ruka / [námět Grey Amsterdam ; ilustrace Punga]
Tato pohádka na dobrou noc vysvětluje dětem pravidlo"tady se nedotýkej". Přečtěte ji svým dětem a naučte je, jaký je rozdíl mezi dotýkáním, které je v pořádku, a doteky, které v pořádku nejsou
Record details
- ISBN: 978-80-260-1614-4 (v knize neuvedeno : brož.)
- Physical Description: [16] s. : barev. il. ; 25 cm + text (2 s.)
- Publisher: [Praha] : Council of Europe, c2011
Search for related items by subject
| Subject: | sexuální zneužívání dětí prevence (sociální práce) |
| Genre: | pohádky příručky |
Available copies
- 1 of 1 copy available at Common Catalog SPOK.
Holds
- 0 current holds with 1 total copy.
Show Only Available Copies
| Location | Call Number / Copy Notes | Barcode | Shelving Location | Status | Due Date |
|---|---|---|---|---|---|
| Jabok Library | SPr-3.7.5 | 424480026995 | Odborná literatura | Available | - |
| LDR | 01377cam a22003617a 4500 | ||
|---|---|---|---|
| 001 | 16945 | ||
| 003 | CZ-PrJAB | ||
| 005 | 20121015060549.0 | ||
| 007 | ta | ||
| 008 | 120216s2011 xr a g f 000 f cze | ||
| 015 | . | ‡acnb002340034 | |
| 020 | . | ‡a978-80-260-1614-4 (v knize neuvedeno : brož.) | |
| 035 | . | ‡a(CONS)16945 | |
| 035 | . | ‡a(CZ PrCU)001442202 | |
| 035 | . | ‡a(OCoLC)780139546 | |
| 040 | . | ‡aABA001 ‡bcze ‡dABD005 | |
| 072 | 7. | ‡a364 ‡xSociální problémy vyžadující podporu a pomoc. Sociální zabezpečení ‡2Konspekt ‡918 | |
| 080 | . | ‡a821-34 ‡2MRF | |
| 080 | . | ‡a364.633-053.2 ‡2MRF | |
| 080 | . | ‡a364-212 ‡2MRF | |
| 080 | . | ‡a(0:82-34) ‡2MRF | |
| 080 | . | ‡a(035) ‡2MRF | |
| 245 | 0 | 0. | ‡aKiko a ruka / ‡c[námět Grey Amsterdam ; ilustrace Punga] |
| 260 | . | ‡a[Praha] : ‡bCouncil of Europe, ‡cc2011 | |
| 300 | . | ‡a[16] s. : ‡bbarev. il. ; ‡c25 cm + ‡etext (2 s.) | |
| 520 | . | ‡aTato pohádka na dobrou noc vysvětluje dětem pravidlo"tady se nedotýkej". Přečtěte ji svým dětem a naučte je, jaký je rozdíl mezi dotýkáním, které je v pořádku, a doteky, které v pořádku nejsou | |
| 650 | 0 | 7. | ‡asexuální zneužívání dětí ‡7ph139044 ‡2czenas |
| 650 | 0 | 7. | ‡aprevence (sociální práce) ‡7ph138923 ‡2czenas |
| 655 | 7. | ‡apohádky ‡7fd133054 ‡2czenas | |
| 655 | 7. | ‡apříručky ‡7fd133209 ‡2czenas | |
| 710 | 2 | . | ‡aPunga (animační studio) ‡7kn20120221009 |
| 910 | . | ‡aABG312 | |
| 928 | 9 | . | ‡aRada Evropy |
| 901 | . | ‡a16945 ‡b ‡c16945 ‡tbiblio | |